| 000 | 00642pam a2200229 a 4500 | ||
|---|---|---|---|
| 001 | 3086692 | ||
| 005 | 20180815045141.0 | ||
| 008 | 980408s1999 maua 001 0 eng | ||
| 010 | _a 98007257 | ||
| 020 | _a0805377328 | ||
| 040 |
_aDLC _cDLC _dDLC |
||
| 041 | _aeng | ||
| 080 | _a004.6 | ||
| 082 | 0 | 0 |
_a004.6 _221 |
| 100 | 1 | _a32 | |
| 101 | _aSHKI | ||
| 245 | 1 | 0 |
_aBusiness data communications / _cDavid A. Stamper. |
| 906 |
_a7 _bcbc _corignew _d1 _eocip _f19 _gy-gencatlg |
||
| 942 |
_2ddc _cBK |
||
| 999 |
_c47174 _d47174 |
||